| 000 | 00998nam a22002777a 4500 | ||
|---|---|---|---|
| 008 | 081016t xxu||||| |||| 00| 0 eng d | ||
| 010 | _aENG-91349 | ||
| 020 |
_a9788121929035 _c300.00 |
||
| 020 | _a8121929032 | ||
| 035 | _aEN-74882 | ||
| 037 | _bDBAD / PUB | ||
| 040 |
_adpl _bEnglish |
||
| 082 | _a155.25 | ||
| 100 | _aOnkar, R.M. | ||
| 245 |
_aPersonality development and career management: _ba pragmatic perspective / _cby R.M. Onkar |
||
| 250 | _a2nd rev. ed. | ||
| 260 |
_aNew Delhi _bS. Chand _c2009 |
||
| 270 |
_a7361, Ram Nagar _bNew Delhi _e110055 |
||
| 300 |
_axx, 204p.: _bcol., b&w photos _c25cm (pbk) |
||
| 650 | _2Psychoanalysis | ||
| 650 | _2Developmental psychology | ||
| 650 | _2Personality | ||
| 650 | _2Personality and occupation | ||
| 942 |
_2ddc _cEN _mONK _h155.25 |
||
| 999 |
_c16820 _d16820 |
||